000 00459nam a2200205Ia 4500
005 20240823014907.0
008 240823s9999||||xx |||||||||||||| ||und||
020 _a81-203-2530-3
041 _aENGLISH
082 _A621.395 P4
100 _a"Allen,Colin"
245 0 _aLogic Primer
250 _a2nd
260 _c2004
_b"PHI,New D"
500 _aYES
650 _aLogic
_bElectronics
700 _a" Hand,Michael"
942 _cBK
999 _c171158
_d171158